Eat All the Food on the Plate! - Foods by Countries - Statistics

General Stats
  • This quiz has been taken 146 times
  • The average score is 6 of 10
Answers on the Map
Answers color-coded by a green-red scale on the quiz's map according to % correct below.
 
Answer Stats
Food Country % Correct
Sushi Japan
100%
Baguette France
96%
Vegemite on Toast Australia
77%
Poutine Canada
72%
Pierogi Poland
63%
Spanakopita Greece
45%
Biltong South Africa
39%
Gozleme Turkey
28%
Fish Amok Cambodia
17%
Sonhos de Bananas Sao Tome and Principe
12%
No matching quizzes found
Score Distribution
Percent of People with Each Score
Percentile by Number Answered
Your Score History
You have not taken this quiz